Countries In Their Official Language - Statistics

General Stats
  • This quiz has been taken 27 times
  • The average score is 17 of 20
Answer Stats
Hint Answer % Correct
Australia Australia
100%
Brasil Brazil
100%
Chile Chile
100%
Deutchland Germany
100%
中国 China
96%
Papua Niugini Papua New Guinea
96%
Türkiye Turkey
96%
O'zbekiston Uzbekistan
96%
Civitas Vaticana / Città Del Vaticano Vatican City
96%
Côte d'Ivoire Ivory Coast
88%
북한 North Korea
88%
Eesti Estonia
85%
қазақстан Kazakhstan
85%
भारत India
73%
יִשְׂרָאֵל Israel
69%
مصر Egypt
65%
ශ්‍රී ලංකාව / இலங்கை Sri Lanka
65%
Shqipëria Albania
54%
বাংলাদেশ Bangladesh
54%
საქართველო Georgia
54%
No matching quizzes found
Score Distribution
Percent of People with Each Score
Percentile by Number Answered
Your Score History
You have not taken this quiz